Normal view
MARC view
- Khalid Muneeba
Entry Personal Name
001 - CONTROL NUMBER
- control field: 124185
003 - CONTROL NUMBER IDENTIFIER
- control field: NUST
005 - DATE AND TIME OF LATEST TRANSACTION
- control field: 20240708162840.0
008 - FIXED-LENGTH DATA ELEMENTS
- fixed length control field: 240708|| aca||aabn | a|a d
040 ## - CATALOGING SOURCE
- Original cataloging agency: NUST
- Transcribing agency: NUST
100 ## - HEADING--PERSONAL NAME
- Personal name: Khalid Muneeba
670 ## - SOURCE DATA FOUND
- Source citation: Work cat.: (NUST): Khalid Muneeba , Bioprocessing Microalgae for Its Applications in Therapeutics and Bioresource Management/
